| 000 | 01407nam0a22003131 4500 | ||
|---|---|---|---|
| 001 | rc\4065080 | ||
| 005 | 20260406095242.0 | ||
| 021 |
_aRU _b[54-1570] |
||
| 035 | _a(NLR Aleph) 008115643 | ||
| 090 |
_a9332151 _c9332151 |
||
| 100 | _a20130415d1953 u y0rusy50 ca | ||
| 101 | 0 | _arus | |
| 102 | _aRU | ||
| 105 | _aa z ||||| | ||
| 200 | 1 | _aПроизводство сварных металлических конструкций | |
| 210 |
_aМосква _aСвердловск _cМашгиз. [Урало-Сиб. отд-ние] _d1953 |
||
| 215 |
_a280 с. _cил. _d23 |
||
| 300 | _aПеред загл. авт.: Г.П. Михайлов, А.А. Кириллов, М.П. Сергачев | ||
| 320 | _aБиблиогр.: с. 276-277 (42 назв.) | ||
| 606 |
_aМеталлические конструкции, сварные _xПроизводство _2psbo |
||
| 700 | 1 |
_7ca _8smi _aМихайлов _bГ. П. _cд-р техн. наук, сварочное пр-во _f1899-1957 _gГригорий Петрович _92689638 _3RU\NLR\AUTH\770287665 |
|
| 701 | 1 |
_7ca _8rus _aКириллов _bА. А. _cтехнолог сварочного пр-ва _gАлексей Алексеевич _92689635 _3RU\NLR\AUTH\770287662 |
|
| 701 | 1 |
_aСергачев _bМ. П. |
|
| 801 | 0 |
_aRU _bNLR _gpsbo |
|
| 801 | 1 |
_aRU _bELAR _2rusmarc |
|
| 852 |
_aNLR _jТ36 Г-5/1065 |
||
| 942 | _cBOOK | ||
| 980 | _aNB | ||